| Tag |
First Indicator |
Second Indicator |
Subfields |
| LEADER |
00000cam a2200000 4500 |
| 001 |
in00001578021 |
| 005 |
20220103183129.0 |
| 006 |
m u |
| 007 |
cr cn||||||||| |
| 008 |
001006s1986 nyu sb s001 0 eng |
| 010 |
|
|
|z 85026220
|
| 020 |
|
|
|a 0585092435 (electronic bk.) :
|c $64.50
|
| 020 |
|
|
|z 0887062539
|
| 020 |
|
|
|z 0887062547 (pbk.)
|
| 035 |
|
|
|a 7821
|b (N$T)
|
| 035 |
|
|
|a nL7821
|
| 040 |
|
|
|a N$T
|c N$T
|d UtOrBLW
|
| 050 |
1 |
0 |
|a JC325
|b .W44 1986eb
|
| 082 |
0 |
4 |
|a 320.1
|2 19
|
| 100 |
1 |
|
|a Weiss, Paul,
|d 1901-2002.
|0 http://id.loc.gov/authorities/names/n50022757
|
| 245 |
1 |
0 |
|a Toward a perfected state /
|c Paul Weiss.
|
| 264 |
|
1 |
|a Albany, N.Y. :
|b State University of New York Press,
|c [1986]
|
| 264 |
|
4 |
|c ©1986
|
| 300 |
|
|
|a xii, 459 pages ;
|c 24 cm.
|
| 336 |
|
|
|a text
|b txt
|2 rdacontent
|
| 337 |
|
|
|a computer
|b c
|2 rdamedia
|
| 338 |
|
|
|a online resource
|b cr
|2 rdacarrier
|
| 490 |
1 |
|
|a SUNY series in systematic philosophy
|
| 504 |
|
|
|a Bibliography: pages 387-435.
|
| 500 |
|
|
|a Includes indexes.
|
| 533 |
|
|
|a Electronic reproduction.
|b Boulder, Colo. :
|c NetLibrary,
|d 1999.
|n Available via World Wide Web.
|n Access may be limited to NetLibrary affiliated libraries.
|
| 500 |
|
|
|a Electronic resource.
|
| 650 |
|
0 |
|a State, The.
|0 http://id.loc.gov/authorities/subjects/sh85127474
|
| 655 |
|
0 |
|a Electronic books.
|
| 710 |
2 |
|
|a NetLibrary, Inc.
|0 http://id.loc.gov/authorities/names/no99080690
|
| 776 |
0 |
|
|c Original
|w (DLC) 85026220
|
| 830 |
|
0 |
|a SUNY series in systematic philosophy.
|0 http://id.loc.gov/authorities/names/n42024163
|
| 856 |
4 |
1 |
|u https://proxy.library.tamu.edu/login?url=http://www.netLibrary.com/urlapi.asp?action=summary&v=1&bookid=7821
|z Connect to the full text of this electronic book
|t 0
|
| 999 |
|
|
|a MARS
|
| 999 |
f |
f |
|s fa540999-345d-3c78-bc56-56a9d662760f
|i dd4324ca-116c-348f-9678-e7ded2a180ae
|t 0
|
| 952 |
f |
f |
|a Texas A&M University
|b College Station
|c Electronic Resources
|d Available Online
|t 0
|e JC325 .W44 1986eb
|h Library of Congress classification
|
| 998 |
f |
f |
|a JC325 .W44 1986eb
|t 0
|l Available Online
|